History Quiz

Random History or War Quiz

100 Great Battles Since 1750: Part I Quiz Stats

 Plays Quiz not verified by Sporcle

Challenge
Share
Tweet
Embed
Score 0/25 Timer 10:00
0 Plays Today
Date/War Battle % Correct
1815/Napoleonic WarsWaterloo
90.4%
1836/Texan War of IndependenceAlamo
86.4%
1863/American Civil WarGettysburg
86.4%
1759/French and Indian War and Seven Years' WarQuebec (Plains of Abraham)
82.4%
1805/Napoleonic WarsTrafalgar
81.6%
1781/American RevolutionYorktown
80.8%
1805/Napoleonic WarsAusterlitz
76.8%
1777/American RevolutionSaratoga
75.2%
1863/American Civil WarVicksburg
69.6%
1779-1783/American RevolutionGibraltar
68%
1854-1855/Crimean WarSevastopol
67.2%
1862/American Civil WarAntietam (Sharpsburg)
66.4%
1798/French Revolutionary WarsNile (Aboukir Bay)
61.6%
Date/War Battle % Correct
1812/Napoleonic WarsBorodino
59.2%
1813/Napoleonic WarsLeipzig
57.6%
1836/Texan War of IndependenceSan Jacinto
48.8%
1757/Seven Years' WarPlassey
45.6%
1792/French Revolutionary WarsValmy
32%
1866/Austro-Prussian WarKöniggrätz (Sadowa)
30.4%
1782/American RevolutionSaintes
18.4%
1862/Franco-Mexican WarPuebla
18.4%
1827/Greek War of IndependenceNavarino
15.2%
1838/Great TrekBlood River
13.6%
1870/Franco-Prussian WarGravelotte (Gravelotte-St. Privat)
10.4%
1824/Peruvian War of IndependenceAyacucho
9.6%

You're not logged in!

Compare scores with friends on all Sporcle quizzes.
Join for Free
OR
Log In

You Might Also Like...

Show Comments

Extras

Top Quizzes Today


Score Distribution

Your Account Isn't Verified!

In order to create a playlist on Sporcle, you need to verify the email address you used during registration. Go to your Sporcle Settings to finish the process.

Report this User

Report this user for behavior that violates our Community Guidelines.

Details: